=LDR 00000nam 2200000 4500 =001 INLIS000000000025840 =005 20130612124323 =008 ***********************************Ind** =035 ##$$0010-061300000025840 =041 ##$$a Ind =082 ##$$a F rom k =090 ##$$a from k, Dja k =100 ##$$a Djarani =245 ##$$a Ketapel, Djarani =260 ##$$a 1994 $b Jakarta =300 ##$$a 112 hlm, ilus, 21 cm =650 ##$$a Komik =850 ##$$a NBPNMAT